=LDR 00000nam 2200000 4500 =001 INLIS000000000041679 =005 20130612151210 =008 ***********************************Ind** =035 ##$$0010-061300000041679 =041 ##$$a Ind =082 ##$$a 419.7 =090 ##$$a 419.7, Kak s =100 ##$$a Kakerissa,O =245 ##$$a Sintaksis Bahasa Tidore, O. Kakerissa =260 ##$$a 1997 $b Jakarta =300 ##$$a 85 hlm, 21 cm =700 ##$$a Ny. A. Lessy =850 ##$$a NBPNMAT